First Sentences of Literature - Statistics

General Stats
  • This quiz has been taken 7,287 times
    7,286 since last reset
  • The average score is 12 of 22
Answer Stats
1st sentence Book % Correct
Alice was beginning to get very tired of sitting by her sister on the bank, and of having nothing to do: once or twice she had peeped into the book her sister was reading, but it had no pictures or conversations in it, 'and what is the use of a book,' thought Alice, 'without pictures or conversation?' Alice's Adventures in Wonderland
92%
When Mr Bilbo Baggins of Bag End announced that he would shortly be celebrating his eleventy-first birthday with a party of special magnificence, there was much talk and excitement in Hobbiton. Lord of the Rings trilogy
88%
Call me Ishmael. Moby Dick
85%
In the beginning God created the heavens and the earth. The Bible
84%
Mr. and Mrs. Dursley, of number four Privet Drive, were proud to say that they were perfectly normal, thank you very much. Harry Potter and the Sorcerer's Stone
82%
All children, except one, grow up. Peter Pan
78%
You don't know about me without you have read a book by the name of The Adventures of Tom Sawyer; but that ain't no matter. Huckleberry Finn
77%
It was the best of times, it was the worst of times.... A Tale of Two Cities
72%
It is a truth universally acknowledged that a single man in possession of a good fortune must be in want of a wife. Pride and Prejudice
71%
Scarlett O'Hara was not beautiful, but men seldom realized it when caught by her charm as the Tarleton twins were. Gone With the Wind
70%
He was an old man who fished alone in a skiff in the Gulf Stream and he had gone eighty-four days now without taking a fish. The Old Man and the Sea
64%
TOM! Tom Sawyer
60%
When he was nearly thirteen, my brother Jem got his arm badly broken at the elbow. To Kill a Mockingbird
59%
Mr. Jones, of the Manor Farm, had locked the hen-houses for the night, but was too drunk to remember to shut the pop-holes. Animal Farm
57%
It was a bright cold day in April, and the clocks were striking thirteen. 1984
54%
Marley was dead, to begin with. A Christmas Carol
52%
When Mary Lennox was sent to Misselthwaite Manor to live with her uncle everybody said she was the most disagreeable-looking child ever seen. The Secret Garden
26%
"Where's Papa going with that ax?" said Fern to her mother as they were setting the table for breakfast. Charlotte's Web
25%
You better not never tell nobody but God. The Color Purple
16%
In our family, there was no clear line between religion and fly-fishing. A River Runs Through It
14%
What's it going to be then, eh? A Clockwork Orange
11%
When I wake up, the other side of the bed is cold. The Hunger Games
8%
No matching quizzes found
Score Distribution
Percent of People with Each Score
Percentile by Number Answered
Your Score History
You have not taken this quiz since the last reset